[Event "Midland Ch Forrest Cup"]
[Site "Derby"]
[Date "1988.03.19"]
[Round "4"]
[White "James, L Stephen"]
[Black "Lalic, Susan K"]
[Result "1/2-1/2"]
[WhiteElo "1840"]
[BlackElo "2288"]
[PlyCount "104"]
[EventDate "1988.03.18"]
[EventType "swiss"]
[EventRounds "6"]
[EventCountry "ENG"]
[SourceTitle "BritBase"]
[Source "John Saunders"]
[SourceDate "2022.11.28"]
[SourceVersion "1"]
[SourceVersionDate "2022.08.23"]
[SourceQuality "1"]

1. d4 d5 2. c4 e6 3. Nc3 c5 4. cxd5 exd5 5. Nf3 Nc6 6. g3 Nf6 7. Bg2 Be7 8. O-O
O-O 9. Bg5 cxd4 10. Nxd4 h6 11. Be3 Re8 12. Rc1 Bf8 13. Nxc6 bxc6 14. Na4 Ng4
15. Bc5 Ba6 16. Re1 Qf6 17. Bd4 Qg6 18. Nc5 Bc8 19. Nd3 Qe6 $2 20. e4 Qd7 21.
e5 f6 22. exf6 Rxe1+ 23. Nxe1 Nxf6 24. Bxf6 gxf6 25. Rxc6 $18 Kh8 26. Rxf6 Bg7
27. Qxd5 $6 Bxf6 28. Qxd7 $6 (28. Qxa8) 28... Bxd7 29. Bxa8 Bxb2 30. Nd3 Ba3
31. Bd5 Kg7 32. Kg2 Kf6 33. f4 a5 34. h3 h5 35. Ne5 Bc8 36. g4 $2 hxg4 37. hxg4
Bd6 38. g5+ Kf5 39. Kf3 Bxe5 40. Be4+ Ke6 41. fxe5 Kxe5 42. g6 Be6 43. a3 Bg8
44. Ke3 Bc4 45. Bc6 Ba2 46. Be8 Kd6 47. Kd4 Ke7 48. Bb5 Kf6 49. Bd3 Bb3 50. Kc3
a4 51. Kd4 Bd1 52. Ke3 Bh5 1/2-1/2

[Event "Midland Ch Forrest Cup"]
[Site "Derby"]
[Date "1988.03.19"]
[Round "4"]
[White "Johnson, Maurice W"]
[Black "Kelly, Simon"]
[Result "1-0"]
[WhiteElo "1792"]
[BlackElo "1912"]
[PlyCount "65"]
[EventDate "1988.03.18"]
[EventType "swiss"]
[EventRounds "6"]
[EventCountry "ENG"]
[SourceTitle "BritBase"]
[Source "John Saunders"]
[SourceDate "2022.11.28"]
[SourceVersion "1"]
[SourceVersionDate "2022.08.23"]
[SourceQuality "1"]

1. e4 c5 2. Nf3 d6 3. d4 cxd4 4. Nxd4 Nf6 5. Nc3 e6 6. Be3 a6 7. f3 Qc7 8. Qd2
Be7 9. O-O-O Nbd7 10. Kb1 Ne5 11. g4 Nc4 12. Bxc4 Qxc4 13. h4 Rb8 14. h5 b5 15.
g5 Nd7 16. g6 Nf6 17. Rdg1 e5 18. gxf7+ Kxf7 19. b3 Qc7 20. Nf5 Bxf5 21. exf5
Qc6 22. Qg2 Rhg8 23. Ne4 Nd7 24. f4 Rbc8 25. Rh2 Bf6 26. Rd1 Be7 27. fxe5 dxe5
28. Qf3 Nb8 29. h6 Nd7 30. hxg7 Rxg7 31. Bh6 Bf8 32. Bxg7 Bxg7 33. Ng5+ 1-0

[Event "Midland Ch Forrest Cup"]
[Site "Derby"]
[Date "1988.03.19"]
[Round "4"]
[White "Lazonby, Norman A"]
[Black "Gamble, Raymond J"]
[Result "1/2-1/2"]
[WhiteElo "2096"]
[BlackElo "1992"]
[PlyCount "84"]
[EventDate "1988.03.18"]
[EventType "swiss"]
[EventRounds "6"]
[EventCountry "ENG"]
[SourceTitle "BritBase"]
[Source "John Saunders"]
[SourceDate "2022.11.28"]
[SourceVersion "1"]
[SourceVersionDate "2022.08.23"]
[SourceQuality "1"]

1. e4 e6 2. d4 d5 3. exd5 exd5 4. Bd3 Nc6 5. c3 Bd6 6. Qf3 Nce7 7. Bg5 h6 8.
Bh4 Be6 9. h3 Qd7 10. Nd2 O-O-O 11. Ne2 g5 12. Bg3 f5 13. Be5 Bxe5 14. dxe5 Nc6
15. Bb5 Kb8 16. O-O-O Nge7 17. Nb3 Ng6 18. Bxc6 Qxc6 19. Ned4 Qb6 20. Rhe1 Nh4
21. Qe2 Nxg2 22. Nxe6 Qxe6 23. Nd4 Qc8 24. Rg1 Nf4 25. Qe3 c5 26. Nb5 d4 27.
Qf3 Qc6 28. Qxc6 bxc6 29. Nd6 Rxd6 30. exd6 Ne2+ 31. Kd2 Nxg1 32. Rxg1 Rd8 33.
f4 g4 34. hxg4 fxg4 35. Rxg4 Rxd6 36. f5 Rf6 37. cxd4 Rxf5 38. dxc5 Rxc5 39.
Rg7 Rb5 40. Kc3 Rb7 41. Rg8+ Kc7 42. Rh8 Kb6 1/2-1/2

[Event "Midland Ch Forrest Cup"]
[Site "Derby"]
[Date "1988.03.19"]
[Round "4"]
[White "Littlewood, Michael P"]
[Black "Ledger, Andrew J"]
[Result "1/2-1/2"]
[WhiteElo "2008"]
[BlackElo "2160"]
[PlyCount "105"]
[EventDate "1988.03.18"]
[EventType "swiss"]
[EventRounds "6"]
[EventCountry "ENG"]
[SourceTitle "BritBase"]
[Source "John Saunders"]
[SourceDate "2022.11.28"]
[SourceVersion "1"]
[SourceVersionDate "2022.08.23"]
[SourceQuality "1"]

1. Nf3 g6 2. g3 Bg7 3. Bg2 Nf6 4. O-O O-O 5. c4 d5 6. cxd5 Nxd5 7. d4 c6 8. e4
Nb6 9. Ne5 c5 10. dxc5 Bxe5 11. Qxd8 Rxd8 12. cxb6 axb6 13. Nc3 Bxc3 14. bxc3
Be6 15. Be3 b5 16. a3 Nc6 17. Bc5 Rd3 18. Rfc1 Na5 19. Bf1 Rdd8 20. Bxb5 Nb3
21. Bxe7 Rdc8 22. Bb4 Nxa1 23. Rxa1 Bc4 24. Bxc4 Rxc4 25. Re1 Rd8 26. Re2 f6
27. e5 fxe5 28. Rxe5 Rd7 29. Kg2 Rc6 30. g4 Kf7 31. Ra5 Rc8 32. h4 Re8 33. Rb5
h6 34. Kg3 Re6 35. h5 gxh5 36. Rxh5 Rd3+ 37. Kg2 Rf6 38. Re5 b6 39. Re7+ Kg6
40. Re2 Rd5 41. Be7 Rc6 42. Re3 Kf7 43. Bb4 Rf6 44. Kg3 h5 45. f4 hxg4 46. Kxg4
Re6 47. Kf3 Rd1 48. Rxe6 Kxe6 49. Ke2 Rd8 50. Ke3 Kf5 51. c4 Rc8 52. Kd4 Kxf4
53. c5 1/2-1/2

[Event "Midland Ch Forrest Cup"]
[Site "Derby"]
[Date "1988.03.19"]
[Round "4"]
[White "Wheeler, Darren P"]
[Black "Bibby, Simon"]
[Result "1-0"]
[WhiteElo "2136"]
[BlackElo "1776"]
[PlyCount "67"]
[EventDate "1988.03.18"]
[EventType "swiss"]
[EventRounds "6"]
[EventCountry "ENG"]
[SourceTitle "BritBase"]
[Source "John Saunders"]
[SourceDate "2022.11.28"]
[SourceVersion "1"]
[SourceVersionDate "2022.08.23"]
[SourceQuality "1"]

1. e4 e6 2. d4 d5 3. Nc3 Nf6 4. Bg5 Be7 5. e5 Nfd7 6. Bxe7 Qxe7 7. f4 a6 8. Nf3
c5 9. Qd2 Nc6 10. Ne2 cxd4 11. Nexd4 Nc5 12. Bd3 Nxd4 13. Nxd4 b6 14. c3 Bb7
15. O-O O-O 16. Qe3 Nxd3 17. Qxd3 a5 18. Qe3 Ba6 19. Rf3 b5 20. Rg3 g6 21. f5
exf5 22. Nxf5 Qa7 23. Nd4 Rae8 24. Re1 b4 25. Qf2 Qc7 26. Qf6 Bc8 27. Rge3 Be6
28. h4 h5 29. Qg5 Kh7 30. Ne2 bxc3 31. bxc3 Qc4 32. Nf4 Bg4 33. e6 Qxa2 34.
exf7 1-0

[Event "Midland Ch Forrest Cup"]
[Site "Derby"]
[Date "1988.03.20"]
[Round "5"]
[White "Alderson, Michael J"]
[Black "Baker, Chris W"]
[Result "0-1"]
[WhiteElo "2080"]
[BlackElo "2336"]
[PlyCount "138"]
[EventDate "1988.03.18"]
[EventType "swiss"]
[EventRounds "6"]
[EventCountry "ENG"]
[SourceTitle "BritBase"]
[Source "John Saunders"]
[SourceDate "2022.11.28"]
[SourceVersion "1"]
[SourceVersionDate "2022.08.23"]
[SourceQuality "1"]

1. c4 Nf6 2. Nc3 e5 3. Nf3 e4 4. Nd4 Nc6 5. Nxc6 dxc6 6. d4 exd3 7. Qxd3 Qxd3
8. exd3 Bf5 9. Bg5 O-O-O 10. O-O-O Bc5 11. Be3 Bd4 12. h3 c5 13. g4 Bg6 14. g5
Nd7 15. Bxd4 cxd4 16. Nd5 Rde8 17. Nf4 Re5 18. h4 Rf5 19. Nh3 Bh5 20. Re1 Bf3
21. Rh2 Re5 22. Rxe5 Nxe5 23. Ng1 Re8 24. Kd2 Kd8 25. Bg2 Bg4 26. Be4 Bh5 27.
f3 Re6 28. Rf2 g6 29. Ne2 f5 30. gxf6 Rxf6 31. Nxd4 c5 32. Nb3 b6 33. Ke3 h6
34. Nd2 Ke7 35. d4 cxd4+ 36. Kxd4 Kd6 37. Bd5 Rf5 38. Ne4+ Ke7 39. Ng3 Nxf3+
40. Ke3 Re5+ 41. Kd3 Nxh4 42. Nxh5 Rxh5 43. Rf7+ Kd6 44. Rxa7 Nf5 45. Rb7 Rh3+
46. Kc2 Ne3+ 47. Kd2 Nxd5 48. cxd5 Kc5 49. d6 Rh5 50. Ke3 Rd5 51. Rh7 Rxd6 52.
Rxh6 Re6+ 53. Kd3 Kd5 54. Rh8 Ke5 55. Kc4 g5 56. Rg8 Kf4 57. Rf8+ Ke3 58. Kb5
Rg6 59. Rh8 g4 60. Rh1 g3 61. b4 g2 62. Ra1 $2 (62. Rg1 $1 Kf2 63. Rxg2+ Kxg2
64. a4 $11) 62... g1=Q 63. Rxg1 Rxg1 $19 64. Kxb6 Kd4 65. b5 Rg6+ 66. Kc7 Kc5
67. a4 Rg7+ 68. Kb8 Kb6 69. Kc8 Ra7 0-1

[Event "Midland Ch Forrest Cup"]
[Site "Derby"]
[Date "1988.03.20"]
[Round "5"]
[White "Arkell, Keith C"]
[Black "Brotherton, Trevor S"]
[Result "1-0"]
[WhiteElo "2416"]
[BlackElo "1976"]
[PlyCount "59"]
[EventDate "1988.03.18"]
[EventType "swiss"]
[EventRounds "6"]
[EventCountry "ENG"]
[SourceTitle "BritBase"]
[Source "John Saunders"]
[SourceDate "2022.11.28"]
[SourceVersion "1"]
[SourceVersionDate "2022.08.23"]
[SourceQuality "1"]

1. b4 Nf6 2. Bb2 d6 3. Bxf6 exf6 4. e3 f5 5. d4 g6 6. Bc4 Bg7 7. Ne2 O-O 8. h4
Qf6 9. Nd2 c6 10. Nf3 Nd7 11. c3 Nb6 12. Bb3 a5 13. a3 Be6 14. bxa5 Rxa5 15.
Bxe6 Qxe6 16. h5 Rfa8 17. Ng5 Qe7 18. Nxh7 g5 (18... Kxh7 19. hxg6+ Kg8 $19)
19. h6 Bh8 20. Nxg5 Qxg5 21. h7+ Kf8 22. Rb1 Nc4 23. Rxb7 Rxa3 24. Nf4 Na5 $2 (
24... Qg4 $17) 25. Rb1 c5 26. Rh3 $18 Qg4 27. Qc1 $6 Nb3 $2 (27... Nc4 $13) 28.
Qc2 c4 29. Rg3 Ra2 30. Rxg4 1-0

[Event "Midland Ch Forrest Cup"]
[Site "Derby"]
[Date "1988.03.20"]
[Round "5"]
[White "Cullip, Stephen J"]
[Black "Dicks, Duncan"]
[Result "1-0"]
[WhiteElo "1968"]
[BlackElo "2064"]
[PlyCount "129"]
[EventDate "1988.03.18"]
[EventType "swiss"]
[EventRounds "6"]
[EventCountry "ENG"]
[SourceTitle "BritBase"]
[Source "John Saunders"]
[SourceDate "2022.11.28"]
[SourceVersion "1"]
[SourceVersionDate "2022.08.23"]
[SourceQuality "1"]

1. e4 c6 2. d4 d5 3. Nd2 dxe4 4. Nxe4 Nf6 5. Nxf6+ gxf6 6. Ne2 Bf5 7. Ng3 Bg6
8. h4 h5 9. c3 Nd7 10. Be2 Qa5 11. Bf4 O-O-O 12. Kf1 e5 13. b4 Qc7 14. Be3 Nb6
15. Nxh5 Nd5 16. Rc1 Nxe3+ 17. fxe3 Bh6 18. Rh3 exd4 19. cxd4 Rd5 20. Rc5 Rhd8
21. Nxf6 R5d6 22. Ng4 Bg7 23. h5 Be4 24. h6 Bxd4 25. exd4 Rxd4 26. Qb3 Qf4+ 27.
Kg1 Rd2 28. Re3 Rxe2 29. Rxe2 Qxg4 30. Qh3 Qxh3 31. gxh3 Rg8+ 32. Kh2 Bg6 33.
b5 Kc7 34. bxc6 bxc6 35. Ra5 Kb6 36. Ra3 Rh8 37. Rb3+ Kc5 38. Re7 Rxh6 39. Rxa7
Rh4 40. a4 Rc4 41. a5 Ra4 42. a6 Be4 43. Rxf7 Bd5 44. Rf5 Rxa6 45. Rb8 Kd6 46.
h4 Ra2+ 47. Kg3 Rg2+ 48. Kf4 Be6 49. Rg5 Rh2 50. h5 Rh4+ 51. Kg3 Rh3+ 52. Kg2
Rh4 53. Rh8 Ke7 54. h6 Kf6 55. Rg3 Rg4 56. Rf8+ Ke7 57. Rxg4 Bxg4 58. h7 Kxf8
59. h8=Q+ Kf7 60. Qh6 Be6 61. Kf3 Ke7 62. Ke4 Kd6 63. Qf6 Kd7 64. Ke5 Bd5 65.
Qg7+ 1-0

[Event "Midland Ch Forrest Cup"]
[Site "Derby"]
[Date "1988.03.20"]
[Round "5"]
[White "Dunworth, Christopher N"]
[Black "Barnes, Michael H"]
[Result "1-0"]
[WhiteElo "2240"]
[BlackElo "2136"]
[PlyCount "67"]
[EventDate "1988.03.18"]
[EventType "swiss"]
[EventRounds "6"]
[EventCountry "ENG"]
[SourceTitle "BritBase"]
[Source "John Saunders"]
[SourceDate "2022.11.28"]
[SourceVersion "1"]
[SourceVersionDate "2022.08.23"]
[SourceQuality "1"]

1. d4 e6 2. Nf3 f5 3. g3 Nf6 4. Bg2 Be7 5. O-O O-O 6. c4 d5 7. Nc3 c6 8. Qc2
Qe8 9. Ne5 Nbd7 10. cxd5 exd5 11. Qxf5 Nxe5 12. Qxe5 Ng4 13. Qc7 Bd8 14. Qd6
Rf6 15. Qc5 Qh5 16. h3 Nh6 17. h4 Bb6 18. Qb4 Nf5 19. Bg5 Be6 20. Bxf6 gxf6 21.
Rad1 Nxd4 22. Rxd4 c5 23. Rxd5 cxb4 24. Rxh5 bxc3 25. bxc3 Rd8 26. a4 Rd2 27.
a5 Bc7 28. Bxb7 Be5 29. Be4 Rxe2 30. Bxh7+ Kg7 31. Bf5 Bg8 32. Rd1 Bxc3 33.
Rd7+ Kf8 34. Rh8 1-0

[Event "Midland Ch Forrest Cup"]
[Site "Derby"]
[Date "1988.03.20"]
[Round "5"]
[White "Gamble, Raymond J"]
[Black "Wheeler, Darren P"]
[Result "1/2-1/2"]
[WhiteElo "1992"]
[BlackElo "2136"]
[PlyCount "55"]
[EventDate "1988.03.18"]
[EventType "swiss"]
[EventRounds "6"]
[EventCountry "ENG"]
[SourceTitle "BritBase"]
[Source "John Saunders"]
[SourceDate "2022.11.28"]
[SourceVersion "1"]
[SourceVersionDate "2022.08.23"]
[SourceQuality "1"]

1. d4 e6 2. e3 Nf6 3. Nf3 c5 4. c3 Nc6 5. Bd3 Be7 6. Nbd2 d5 7. O-O h6 8. dxc5
Bxc5 9. e4 Qc7 10. exd5 Nxd5 11. Ne4 Be7 12. Bc2 Nf6 13. Nd4 Nxd4 14. Qxd4 Bd7
15. Rd1 e5 16. Nd6+ Bxd6 17. Qxd6 Qxd6 18. Rxd6 Be6 19. Rd1 Nd7 20. Be3 b6 21.
Rd2 O-O-O 22. a4 Nf6 23. Rxd8+ Rxd8 24. a5 Nd5 25. axb6 axb6 26. Bb3 Kb7 27.
Rd1 Kc7 28. Bxd5 1/2-1/2

[Event "Midland Ch Forrest Cup"]
[Site "Derby"]
[Date "1988.03.20"]
[Round "5"]
[White "Garcia Iglesias, Isaac"]
[Black "Buckley, Graeme N"]
[Result "0-1"]
[WhiteElo "2000"]
[BlackElo "2168"]
[PlyCount "80"]
[EventDate "1988.03.18"]
[EventType "swiss"]
[EventRounds "6"]
[EventCountry "ENG"]
[SourceTitle "BritBase"]
[Source "John Saunders"]
[SourceDate "2022.11.28"]
[SourceVersion "1"]
[SourceVersionDate "2022.08.23"]
[SourceQuality "1"]

1. d4 Nf6 2. Nf3 g6 3. c3 Bg7 4. Bg5 O-O 5. Nbd2 c5 6. e3 cxd4 7. exd4 d5 8.
Bd3 Qb6 9. Qc1 Qe6+ 10. Kf1 Ne4 11. Be3 f5 12. c4 Qa6 13. Qc2 Nc6 14. Qb3 Na5
15. Qa3 Nxd2+ 16. Bxd2 Nxc4 17. Qxa6 Nxd2+ 18. Nxd2 bxa6 19. Nf3 Rb8 20. b3 Rf6
21. Ne5 Rb4 22. Rc1 Bb7 23. f4 Rxd4 24. g3 Re6 25. Ke2 Bxe5 26. fxe5 Kf7 27.
Kd2 a5 28. Kc3 Rb4 29. Rhe1 Rc6+ 30. Kb2 Ke6 31. Rxc6+ Bxc6 32. a3 Rb6 33. Kc3
Bb5 34. Bb1 a4 35. Ba2 axb3 36. Bxb3 Bc4 37. Ba4 Ba2 38. Kd4 Ra6 39. Be8 Bb3
40. Rc1 Ba4 0-1

[Event "Midland Ch Forrest Cup"]
[Site "Derby"]
[Date "1988.03.20"]
[Round "5"]
[White "Lalic, Susan K"]
[Black "Johnson, Maurice W"]
[Result "0-1"]
[WhiteElo "2288"]
[BlackElo "1792"]
[PlyCount "102"]
[EventDate "1988.03.18"]
[EventType "swiss"]
[EventRounds "6"]
[EventCountry "ENG"]
[SourceTitle "BritBase"]
[Source "John Saunders"]
[SourceDate "2022.11.28"]
[SourceVersion "1"]
[SourceVersionDate "2022.08.23"]
[SourceQuality "1"]

1. e4 Nf6 2. e5 Nd5 3. d4 d6 4. c4 Nb6 5. exd6 cxd6 6. Nc3 g6 7. h3 Bg7 8. Nf3
O-O 9. Be2 Nc6 10. O-O Bf5 11. Bf4 e5 12. Bg5 Qd7 13. d5 Nd4 14. Nxd4 exd4 15.
Nb5 d3 16. Bxd3 Bxb2 17. Rb1 Bxd3 18. Qxd3 Be5 19. f4 Bg7 20. Rfe1 Rfe8 21. Kh2
a6 22. Nd4 Na4 23. Nf3 Nc5 24. Qc2 Rxe1 25. Rxe1 Re8 26. Bh4 Rxe1 27. Bxe1 Qe7
28. Bf2 Qe4 29. Qxe4 Nxe4 30. Be3 Bb2 31. a4 Nc3 32. a5 Ne4 33. g4 Bc3 34. Bb6
Kf8 35. Kg2 Bb4 36. h4 Nc5 37. Ng5 Nb3 38. Nxh7+ Ke7 39. h5 gxh5 40. gxh5 Bxa5
41. Bf2 f6 42. Kf3 Kf7 43. Kg4 Bc3 44. h6 a5 45. c5 Nxc5 46. Bxc5 dxc5 47. Kf5
a4 48. d6 a3 49. d7 Ba5 50. Nf8 Kxf8 51. Kg6 Kg8 0-1

[Event "Midland Ch Forrest Cup"]
[Site "Derby"]
[Date "1988.03.20"]
[Round "5"]
[White "Lazonby, Norman A"]
[Black "James, L Stephen"]
[Result "0-1"]
[WhiteElo "2096"]
[BlackElo "1840"]
[PlyCount "54"]
[EventDate "1988.03.18"]
[EventType "swiss"]
[EventRounds "6"]
[EventCountry "ENG"]
[SourceTitle "BritBase"]
[Source "John Saunders"]
[SourceDate "2022.11.28"]
[SourceVersion "1"]
[SourceVersionDate "2022.08.23"]
[SourceQuality "1"]

1. e4 e6 2. d4 d5 3. f3 c5 4. c3 Nc6 5. Ne2 Nf6 6. e5 Nd7 7. Na3 Qb6 8. Nc2 f6
9. f4 Be7 10. g3 cxd4 11. cxd4 fxe5 12. fxe5 O-O 13. Bh3 Ndxe5 14. Nf4 Nxd4 15.
Nxd4 Qxd4 16. Qxd4 Nf3+ 17. Ke2 Nxd4+ 18. Kd3 Bf6 19. Re1 Kf7 20. Be3 Nc6 21.
Bc5 Re8 22. Ba3 g5 23. Nh5 Bh8 24. Bg2 Kg6 25. g4 Ne5+ 26. Kc2 Nxg4 27. Bxd5
exd5 0-1

[Event "Midland Ch Forrest Cup"]
[Site "Derby"]
[Date "1988.03.20"]
[Round "5"]
[White "Ledger, Andrew J"]
[Black "Bowler, A."]
[Result "1/2-1/2"]
[WhiteElo "2160"]
[BlackElo "1712"]
[PlyCount "118"]
[EventDate "1988.03.18"]
[EventType "swiss"]
[EventRounds "6"]
[EventCountry "ENG"]
[SourceTitle "BritBase"]
[Source "John Saunders"]
[SourceDate "2022.11.28"]
[SourceVersion "1"]
[SourceVersionDate "2022.08.23"]
[SourceQuality "1"]

1. Nf3 d5 2. g3 Nf6 3. Bg2 c5 4. O-O Nc6 5. d4 e6 6. c4 Be7 7. Nc3 dxc4 8. Qa4
O-O 9. dxc5 Qa5 10. Qxc4 Qxc5 11. Qxc5 Bxc5 12. Bf4 Re8 13. Nd2 e5 14. Bg5 Be6
15. Rac1 Be7 16. Bxf6 Bxf6 17. e3 Red8 18. Nde4 Be7 19. f4 f5 20. Nf2 e4 21. g4
g6 22. Bh3 Kf7 23. Nh1 Bc5 24. Rfe1 Rd3 25. Kf2 Rad8 26. Nxe4 Bxe3+ 27. Rxe3
fxe4 28. Rc3 Bxa2 29. Ng3 Rd2+ 30. Re2 Bb1 31. Bg2 Rxe2+ 32. Kxe2 Bd3+ 33. Ke3
Rd7 34. Nxe4 Bxe4 35. Bxe4 Ne7 36. h4 Kg7 37. Rd3 Rc7 38. Rd8 Nc6 39. Bxc6 bxc6
40. Kd4 c5+ 41. Ke5 Rb7 42. f5 gxf5 43. gxf5 Rxb2 44. Rd7+ Kg8 45. Rxa7 Rb6 46.
Rc7 Rh6 47. Rxc5 Rxh4 48. Kf6 Rh6+ 49. Ke7 Kg7 50. Rc1 Ra6 51. Rg1+ Kh8 52. Rd1
Kg7 53. Rg1+ Kh8 54. Re1 Kg7 55. Re6 Ra7+ 56. Ke8 Ra8+ 57. Kd7 Ra7+ 58. Kd6 Kf7
59. Re1 Ra6+ 1/2-1/2

[Event "Midland Ch Forrest Cup"]
[Site "Derby"]
[Date "1988.03.20"]
[Round "5"]
[White "Trow, RL."]
[Black "Moulton, Paul J"]
[Result "1/2-1/2"]
[WhiteElo "1672"]
[BlackElo "1992"]
[PlyCount "140"]
[EventDate "1988.03.18"]
[EventType "swiss"]
[EventRounds "6"]
[EventCountry "ENG"]
[SourceTitle "BritBase"]
[Source "John Saunders"]
[SourceDate "2022.11.28"]
[SourceVersion "1"]
[SourceVersionDate "2022.08.23"]
[SourceQuality "1"]

1. e4 e6 2. d4 d5 3. Nd2 c5 4. Ngf3 cxd4 5. exd5 Qxd5 6. Bc4 Qd6 7. O-O Nf6 8.
Nb3 Nc6 9. Re1 Be7 10. Nbxd4 Nxd4 11. Qxd4 Qxd4 12. Nxd4 O-O 13. Bf4 Bd7 14.
Rad1 Rac8 15. Bb3 Bc5 16. Bg5 Rfd8 17. Nf3 Bb6 18. Ne5 Be8 19. h3 Rxd1 20. Rxd1
Rd8 21. Rxd8 Bxd8 22. Ng4 Kf8 23. Bc4 h6 24. Nxf6 hxg5 25. Nxe8 Kxe8 26. Bb5+
Ke7 27. Kf1 Kd6 28. Ke2 Ke5 29. a4 f6 30. c3 Kf4 31. b4 g4 32. hxg4 Kxg4 33. a5
Kf4 34. Kd3 b6 35. a6 Be7 36. Bd7 Ke5 37. Kc4 Kd6 38. Bc8 f5 39. Kb5 Bh4 40. g3
Bf6 41. Kc4 g5 42. Bb7 g4 43. Kd3 b5 44. c4 bxc4+ 45. Kxc4 Bd8 46. Kd3 Kc7 47.
Kd4 Kd6 48. Kd3 Kc7 49. Kd4 Bf6+ 50. Kd3 Be5 51. Bg2 Bd6 52. Kc4 Kd7 53. Bf1
Bc7 54. Kd3 Kc6 55. Bg2+ Kd6 56. Bb7 Bb6 57. Ke2 Ke5 58. Bc8 Kf6 59. Bd7 e5 60.
Bc6 Kg5 61. Bd7 f4 62. gxf4+ exf4 63. Bc6 f3+ 64. Kf1 Kf4 65. Bd7 Bd4 66. b5
Bc5 67. Be8 Kg5 68. Bf7 Kh4 69. Be8 Kh3 70. Bd7 Bd4 1/2-1/2

[Event "Midland Ch Forrest Cup"]
[Site "Derby"]
[Date "1988.03.20"]
[Round "5"]
[White "Waddingham, Graham A"]
[Black "Hutchinson, Paul A"]
[Result "1-0"]
[WhiteElo "2240"]
[BlackElo "2240"]
[PlyCount "55"]
[EventDate "1988.03.18"]
[EventType "swiss"]
[EventRounds "6"]
[EventCountry "ENG"]
[SourceTitle "BritBase"]
[Source "John Saunders"]
[SourceDate "2022.11.28"]
[SourceVersion "1"]
[SourceVersionDate "2022.08.23"]
[SourceQuality "1"]

1. e4 Nc6 2. Nf3 d5 3. exd5 Qxd5 4. Nc3 Qa5 5. Bb5 Bd7 6. d4 a6 7. Be2 Nf6 8.
Bd2 Bf5 9. a3 Qb6 10. d5 Nd4 11. O-O $6 Bxc2 12. Qc1 Nxe2+ 13. Nxe2 Bd3 $6 (
13... Be4 $17) 14. Be3 Qd6 15. Bf4 Qd8 16. Bxc7 Qc8 17. Re1 Nxd5 $2 (17... Bxe2
18. Rxe2 Nxd5 $11) 18. Nf4 Nxc7 19. Nxd3 $44 Ne6 $2 (19... e6) 20. Qe3 g6 21.
Rac1 Qd8 22. Nde5 f6 23. Nc4 b5 24. Qxe6 bxc4 25. Qxf6 Rg8 26. Ng5 Qd5 27. Rcd1
O-O-O 28. Qxa6+ 1-0

[Event "Midland Ch Forrest Cup"]
[Site "Derby"]
[Date "1988.03.20"]
[Round "6"]
[White "Barnes, Michael H"]
[Black "Alderson, Michael J"]
[Result "1-0"]
[WhiteElo "2136"]
[BlackElo "2080"]
[PlyCount "63"]
[EventDate "1988.03.18"]
[EventType "swiss"]
[EventRounds "6"]
[EventCountry "ENG"]
[SourceTitle "BritBase"]
[Source "John Saunders"]
[SourceDate "2022.11.28"]
[SourceVersion "1"]
[SourceVersionDate "2022.08.23"]
[SourceQuality "1"]

1. Nf3 Nf6 2. c4 g6 3. Nc3 Bg7 4. e4 d6 5. d4 O-O 6. Be2 e5 7. Be3 Ng4 8. Bg5
f6 9. Bh4 Nc6 10. d5 Ne7 11. O-O Nh6 12. b4 Nf7 13. Nd2 f5 14. f3 g5 15. Bf2 f4
16. c5 h5 17. Rc1 Nh6 18. h3 Ng6 19. cxd6 cxd6 20. Nb5 Rf7 21. Nxa7 Rxa7 22.
Bxa7 b6 23. Qc2 Bd7 24. Qc7 Qf6 25. Bxb6 Bf8 26. Qd8 Re7 27. Rc7 Nf7 28. Qa8 g4
29. fxg4 hxg4 30. Rxd7 gxh3 31. Rxe7 hxg2 32. Rf2 1-0

[Event "Midland Ch Forrest Cup"]
[Site "Derby"]
[Date "1988.03.20"]
[Round "6"]
[White "Bibby, Simon"]
[Black "Thomas, Robert K"]
[Result "1/2-1/2"]
[WhiteElo "1776"]
[BlackElo "1928"]
[PlyCount "64"]
[EventDate "1988.03.18"]
[EventType "swiss"]
[EventRounds "6"]
[EventCountry "ENG"]
[SourceTitle "BritBase"]
[Source "John Saunders"]
[SourceDate "2022.11.28"]
[SourceVersion "1"]
[SourceVersionDate "2022.08.23"]
[SourceQuality "1"]

1. e4 d6 2. d4 Nf6 3. Nc3 g6 4. Bg5 c6 5. f4 Bg7 6. Nf3 Qa5 7. Bd3 O-O 8. e5
Nd5 9. Qd2 f6 10. Bh4 Bh6 11. Nxd5 Qxd2+ 12. Kxd2 cxd5 13. Bg3 fxe5 14. dxe5
dxe5 15. Nxe5 Bxf4+ (15... Rxf4 $1 $17) 16. Bxf4 Rxf4 17. Rhf1 Rxf1 18. Rxf1
Nc6 19. Nxc6 bxc6 20. c4 Bd7 21. Kc3 Rf8 22. Kd4 Rxf1 23. Bxf1 dxc4 24. Kxc4
Kf8 25. Kc5 Ke8 26. Bd3 Kd8 27. Be4 Kc7 28. b4 Be8 29. a4 h6 30. a5 g5 31. g4
Bd7 32. h3 Be8 1/2-1/2

[Event "Midland Ch Forrest Cup"]
[Site "Derby"]
[Date "1988.03.20"]
[Round "6"]
[White "Bowler, A."]
[Black "Lalic, Susan K"]
[Result "0-1"]
[WhiteElo "1712"]
[BlackElo "2288"]
[PlyCount "110"]
[EventDate "1988.03.18"]
[EventType "swiss"]
[EventRounds "6"]
[EventCountry "ENG"]
[SourceTitle "BritBase"]
[Source "John Saunders"]
[SourceDate "2022.11.28"]
[SourceVersion "1"]
[SourceVersionDate "2022.08.23"]
[SourceQuality "1"]

1. e4 c6 2. d4 d5 3. Nc3 g6 4. Nf3 Bg7 5. Be3 Bg4 6. Be2 dxe4 7. Nxe4 Nh6 8.
Ng3 Nf5 9. Nxf5 Bxf5 10. Qd2 O-O 11. O-O Nd7 12. c3 Nf6 13. Bd3 Bxd3 14. Qxd3
Nd5 15. Rfe1 e6 16. Rad1 a5 17. c4 Nxe3 18. Qxe3 Qc7 19. Ne5 Rad8 20. f4 Rd6
21. Rd3 Rfd8 22. Red1 b5 23. b3 Qb7 24. Qe4 bxc4 25. Nxc4 Rd5 26. Ne5 Qb6 27.
Kf1 Qa6 28. Kf2 a4 29. bxa4 Qxa4 30. R1d2 c5 31. Nf3 cxd4 32. Rb3 Qa7 33. Rbd3
Ra5 34. Qe2 Ra4 35. g3 Ra8 36. Kf1 Rxa2 37. Rxa2 Qxa2 38. Qxa2 Rxa2 39. Nxd4
Bxd4 40. Rxd4 Rxh2 41. Kg1 Ra2 42. Rb4 h5 43. Re4 Kg7 44. Rb4 Kf6 45. Rb5 Rd2
46. Kf1 Rd5 47. Rb7 e5 48. Kf2 exf4 49. gxf4 Rd3 50. Kg2 Ke6 51. Rb5 f6 52. Ra5
Rd5 53. Ra6+ Kf5 54. Kf3 Rd3+ 55. Ke2 Rd4 0-1